00350 a2200133 4500003000400000005001700004008004100021040000900062082001800071100002600089245005900115260003300174300000900207OSt20240209124205.0240201b |||||||| |||| 00| 0 eng d coclc a297.63bRAM/M aRamakrishnaravu, K.S. aMUHAMMAD MAHANAYA PRAVACHAKAN /cK. S. Ramakrishnaravu bIslam Presentation Committee a23p.